| 000 | 00644nam a2200169 4500 | ||
|---|---|---|---|
| 001 | 149030 | ||
| 003 | ES-MaACL | ||
| 005 | 20230906202922.0 | ||
| 007 | t| | ||
| 008 | 070214s1917 sz r ||||1| ger d | ||
| 100 | 1 |
_aSuttner, Bertha von. _9108885 |
|
| 245 | 1 | 0 |
_aDer kampf um die vermeidung des weltkrieges _b: Randglossen aus zwei jahrzehnten zu den zeitereignissen vor der katastrophe : (1892-1900 und 1907-1914) / _cvon Bertha von Suttner ; herausgegeben von Dr. Alfred H. Fried. |
| 260 |
_aZurich : _bOrell Füssli, _c1917. |
||
| 300 |
_a2 v. ; _c24 x 16 cm. |
||
| 700 | 1 |
_aFried, Alfred Hermann. _952602 |
|
| 852 |
_aES-MaACL _jD-2240-41 |
||
| 999 |
_c149030 _d149030 |
||